|
|
|
|
| LEADER |
00000nam2a2200000 4500 |
| 001 |
240350 |
| 005 |
20231101231733.0 |
| 035 |
|
|
|a (RuTPU)RU\TPU\book\261604
|
| 035 |
|
|
|a RU\TPU\book\157177
|
| 090 |
|
|
|a 240350
|
| 100 |
|
|
|a 20081011d1990 k y0rusy50 ca
|
| 101 |
0 |
|
|a rus
|
| 102 |
|
|
|a UA
|
| 105 |
|
|
|a a z 001zy
|
| 200 |
0 |
|
|a Вып. 7
|f отв. ред. Е. П. Дуброва
|
| 210 |
|
|
|d 1990
|
| 215 |
|
|
|a 88 с.
|c ил.
|
| 320 |
|
|
|a Библиогр. в конце ст.
|
| 461 |
|
1 |
|0 (RuTPU)RU\TPU\book\166091
|t Системы автоматизированного проектирования объектов строительства (САПР-ОС)
|o республиканский межведомственный научно-технический сборник
|f Научно-исследовательский институт автоматизированных систем планирования и управления в строительстве
|v Вып. 7
|d 1982-1991
|
| 606 |
1 |
|
|a Строительное проектирование
|x Автоматизация
|2 stltpush
|3 (RuTPU)RU\TPU\subj\57283
|9 75145
|
| 610 |
1 |
|
|a строительство
|
| 610 |
1 |
|
|a объекты
|
| 610 |
1 |
|
|a САПР
|
| 610 |
1 |
|
|a многоэтажные дома
|
| 610 |
1 |
|
|a инженерно-геодезические работы
|
| 675 |
|
|
|a 721.02
|v 4
|
| 702 |
|
1 |
|a Дуброва
|b Е. П.
|4 340
|
| 801 |
|
1 |
|a RU
|b 63413507
|c 20130620
|
| 801 |
|
2 |
|a RU
|b 63413507
|c 20180220
|g RCR
|
| 942 |
|
|
|c BK
|